000 00660nam a2200205 a 4500
001 000026851
005 20250430121825.0
008 110325s1975 dr a 001 0 spa d
040 _aDO-SdBNP
_bspa
_cBNPHU
082 _a658.31
_bS129s
100 1 _aSagebien, Fernando
_9602
245 1 0 _aSupervisión de personal /
_cFernando Sagebien.
260 _aSanto Domingo :
_b[s.n.],
_c1975.
300 _a112 h. :
_bil. ;
_c27 cm.
590 _aInventariado, 2018/ YL
650 4 _aSupervisión de personal
_921052
650 0 _aAdministración de personal
_91581
650 4 _aPlanificación de recursos humanos
_97604
910 _aValidado. Control de calidad EMS
999 _c26343
_d26343